• 首页
  • 本馆介绍
  • 公告通知
  • 最新文献
  • 馆藏检索
  • 电子资源
  • 读者导购
  • 参考咨询
  • 我的图书馆
  • 登录
  • 详细信息显示
  • 放入我的书架
  • 预约/预借图书
  • 作者相关作品
  • 分类相关作品
  • 丛书相关作品
  • 出版社相关作品

书目信息

  • 表格格式
  • 工作单格式
  • 卡片格式
题名:
中国动物志
    
 
作者: ;周红 , 李凤鲁 , 王玮 编著 ;中科院 主编
分册: 第四十六卷   无脊椎动物
出版信息: 北京   科学出版社  2007
页数: 206页
开本: 27cm
丛书名:
单 册:
中图分类: Q958.2 , Q959.197 , Q959.195
科图分类:
主题词: 动物志--中国 , 星虫纲--动物志--中国 , 螠纲--动物志--中国
电子资源:
ISBN: 978-7-03-018693-5
000 01509nam0 2200361 450
001 012004152690
005 20080327142345.10
009 012004152690
010    @a978-7-03-018693-5@b精装@dCNY85.00
035    @a(110017)062007032601
100    @a20070716d2007 em y0chiy0110 ea
101 0  @achi
102    @aCN@b110000
105    @aa z 001yy
106    @ar
200 1  @a中国动物志@Azhong guo dong wu zhi@i无脊椎动物@h第四十六卷@i星虫动物门@i螠虫动物门@dFauna sinica@iInvertebrata@hVol. 46@iSipuncula@iEchiura@f中国科学院中国动物志编辑委员会主编@g周红, 李凤鲁, 王玮编著@zlat
210    @a北京@c科学出版社@d2007
215    @a206页@c图@d27cm
300    @a中国科学院知识创新工程重大项目 国家自然科学基金重大项目 国家自然科学基金委员会、中国科学院、科学技术部资助
330    @a本书专述中国沿海的现生星虫和螠虫动物,包括星虫6科13属41种,螠虫2科11种。内容分总论和各论两部分:总论扼要综述研究简史、形态特征、分类系统、地理分布、生态和生物学、经济意义等;各论分述科、属、种的形态特征、生境、地理分布等。
510 1  @aFauna sinica@iInvertebrata@hVol. 46@iSipuncula@iEchiura@zlat
606 0  @a动物志@y中国
606 0  @a星虫纲@x动物志@y中国
606 0  @a螠纲@x动物志@y中国
690    @aQ958.2@v4
690    @aQ959.197@v4
690    @aQ959.195@v4
702  0 @a周红@Azhou hong@4编著
702  0 @a李凤鲁@Ali feng lu@4编著
702  0 @a王玮@Awang wei@4编著
711 02 @a中科院@Azhong ke yuan@b中国动物志编辑委员会@4主编
801  0 @aCN@b110017@c20080327
905    @dQ958.2@e11:1(46)@f2
    
    中国动物志.无脊椎动物.第四十六卷.星虫动物门.螠虫动物门=Fauna sinica.Invertebrata.Vol. 46.Sipuncula.Echiura/中国科学院中国动物志编辑委员会主编/周红, 李凤鲁, 王玮编著.-北京:科学出版社,2007
    206页:图;27cm
    中国科学院知识创新工程重大项目 国家自然科学基金重大项目 国家自然科学基金委员会、中国科学院、科学技术部资助
    
    ISBN 978-7-03-018693-5(精装):CNY85.00
    本书专述中国沿海的现生星虫和螠虫动物,包括星虫6科13属41种,螠虫2科11种。内容分总论和各论两部分:总论扼要综述研究简史、形态特征、分类系统、地理分布、生态和生物学、经济意义等;各论分述科、属、种的形态特征、生境、地理分布等。
●
相关链接 在E读中查询图书 在五车中查询图书 在当当中查询图书 在豆瓣中查询图书


正题名:中国动物志     索取号:Q958.2/11:1(46)         预约/预借

序号 登录号 条形码 馆藏地/架位号 状态 备注
1 0792867   207928670   第二样本阅览室/ [索取号:Q958.2/11:1(46)] 在馆    
2 0792868   207928689   第三借阅区/ [索取号:Q958.2/11:1(46)] 在馆    
唐山师范学院图书馆 欢迎您!
大连网信软件有限公司© 版权所有